<?xml version="1.0" encoding="UTF-8"?>
<record
    xmlns:xsi="http://www.w3.org/2001/XMLSchema-instance"
    xsi:schemaLocation="http://www.loc.gov/MARC21/slim http://www.loc.gov/standards/marcxml/schema/MARC21slim.xsd"
    xmlns="http://www.loc.gov/MARC21/slim">

  <leader>01065nam a2200229Ia 4500</leader>
  <controlfield tag="003">IN-BaIIA</controlfield>
  <controlfield tag="008">211028s9999    xx            000 0 eng d</controlfield>
  <datafield tag="020" ind1=" " ind2=" ">
    <subfield code="a">0-937707-63-5</subfield>
  </datafield>
  <datafield tag="040" ind1=" " ind2=" ">
    <subfield code="c">IIA Library</subfield>
  </datafield>
  <datafield tag="080" ind1=" " ind2=" ">
    <subfield code="a">082.2:52</subfield>
    <subfield code="b">ASP-44</subfield>
  </datafield>
  <datafield tag="111" ind1=" " ind2=" ">
    <subfield code="a">International Astronomical Union Colloquium, no. 138, on Peculiar Versus normal Phenomena in A-Type and Related Stars</subfield>
    <subfield code="n">138</subfield>
    <subfield code="c">Trieste</subfield>
    <subfield code="d">1992 July</subfield>
    <subfield code="9">19107</subfield>
  </datafield>
  <datafield tag="245" ind1=" " ind2="0">
    <subfield code="a">Peculiar versus normal phenomena in A-Type and Related Stars</subfield>
    <subfield code="b">proceedings of International Astronomical Union colloquium, no. 138, on peculiar versus normal phenomena in A-Type and Related Stars, held in Trieste, Italy, July 1992</subfield>
    <subfield code="c">edited by M. Dworetsky,&#xA0;F. Castelli,&#xA0;R. Faraggiana</subfield>
  </datafield>
  <datafield tag="260" ind1=" " ind2=" ">
    <subfield code="a">California</subfield>
    <subfield code="b">Astronomical Society of the Pacific</subfield>
    <subfield code="c">1993</subfield>
  </datafield>
  <datafield tag="300" ind1=" " ind2=" ">
    <subfield code="a">[various pagings.]</subfield>
  </datafield>
  <datafield tag="650" ind1=" " ind2=" ">
    <subfield code="a">A-Type Stars</subfield>
    <subfield code="9">19108</subfield>
  </datafield>
  <datafield tag="650" ind1=" " ind2=" ">
    <subfield code="a">Astronomy and Astrophysics thesaurus</subfield>
  </datafield>
  <datafield tag="650" ind1=" " ind2=" ">
    <subfield code="a">Peculiar Stars</subfield>
    <subfield code="9">6774</subfield>
  </datafield>
  <datafield tag="700" ind1=" " ind2=" ">
    <subfield code="a">Castelli, E., ed.</subfield>
    <subfield code="9">19109</subfield>
  </datafield>
  <datafield tag="700" ind1=" " ind2=" ">
    <subfield code="a">Dworetsky, M. M., ed.</subfield>
    <subfield code="9">14943</subfield>
  </datafield>
  <datafield tag="700" ind1=" " ind2=" ">
    <subfield code="a">Faraggiana, R., ed.</subfield>
    <subfield code="9">19110</subfield>
  </datafield>
  <datafield tag="942" ind1=" " ind2=" ">
    <subfield code="c">BK</subfield>
  </datafield>
  <datafield tag="999" ind1=" " ind2=" ">
    <subfield code="c">11165</subfield>
    <subfield code="d">11165</subfield>
  </datafield>
  <datafield tag="952" ind1=" " ind2=" ">
    <subfield code="0">0</subfield>
    <subfield code="1">0</subfield>
    <subfield code="4">0</subfield>
    <subfield code="7">0</subfield>
    <subfield code="a">BAN</subfield>
    <subfield code="b">BAN</subfield>
    <subfield code="c">GEN</subfield>
    <subfield code="d">1994-09-27</subfield>
    <subfield code="l">0</subfield>
    <subfield code="o">082.2:52/ ASP-44</subfield>
    <subfield code="p">12079</subfield>
    <subfield code="r">2021-11-05</subfield>
    <subfield code="w">1994-09-27</subfield>
    <subfield code="y">BK</subfield>
  </datafield>
</record>
